THEORY AND PRACTICE OF COUNSELING AND PSYCHOTHERAPY (Record no. 215842)

MARC details
000 -LEADER
fixed length control field 00653nam a22001817a 4500
008 - FIXED-LENGTH DATA ELEMENTS--GENERAL INFORMATION
fixed length control field 250708b |||||||| |||| 00| 0 eng d
020 ## - INTERNATIONAL STANDARD BOOK NUMBER
International Standard Book Number 978-1-4737-5125-5
050 ## - LIBRARY OF CONGRESS CALL NUMBER
Classification number BF 637 .C6 C67 2017
100 ## - MAIN ENTRY--PERSONAL NAME
Personal name COREY, GERALD
245 ## - TITLE STATEMENT
Title THEORY AND PRACTICE OF COUNSELING AND PSYCHOTHERAPY
250 ## - EDITION STATEMENT
Edition statement 2
260 ## - PUBLICATION, DISTRIBUTION, ETC.
Place of publication, distribution, etc. AUSTRALIA
Name of publisher, distributor, etc. CENGAGE LEARNING
Date of publication, distribution, etc. 2017
300 ## - PHYSICAL DESCRIPTION
Extent XX, 485P.:ILL
500 ## - GENERAL NOTE
General note INCLUDES BIBLIOGRAPHICAL REFERENCES AND INDEX
650 ## - SUBJECT ADDED ENTRY
Topical term or geographic name entry element 1. GROUP COUNSELING 2. GROUP PSYCHOTHERAPY 3. GROUP COUNSELING--MORAL AND ETHICAL ASPECTS 4. GROUP PSYCHOTHERAPY--MORAL AND ETHICAL ASPECTS
942 ## - ADDED ENTRY ELEMENTS (KOHA)
Source of classification or shelving scheme Library of Congress Classification
Koha item type Long Loan Book
Holdings
Withdrawn status Lost status Source of classification or shelving scheme Damaged status Not for loan Collection Home library Current library Shelving location Date acquired Inventory number Total checkouts Full call number Barcode Date last seen Copy number Price effective from Koha item type Date last checked out
    Library of Congress Classification     Arts & Social Sciences Kisii University Library Kisii University Library On Display 07/08/2025 108863   BF 637 .C6 C67 2017 000000024638 07/08/2025 1 07/08/2025 Long Loan Book  
    Library of Congress Classification     Arts & Social Sciences Kisii University Library Kisii University Library On Display 07/08/2025 108864 1 BF 637 .C6 C67 2017 000000024637 04/20/2026 2 07/08/2025 Long Loan Book 04/06/2026
    Library of Congress Classification     Arts & Social Sciences Kisii University Library Kisii University Library On Display 07/08/2025 108865   BF 637 .C6 C67 2017 000000024636 07/08/2025 3 07/08/2025 Long Loan Book  
    Library of Congress Classification     Arts & Social Sciences Kisii University Library Kisii University Library On Display 07/08/2025 108866   BF 637 .C6 C67 2017 000000024659 07/08/2025 4 07/08/2025 Long Loan Book  
    Library of Congress Classification     Arts & Social Sciences Kisii University Library Kisii University Library On Display 07/08/2025 108867   BF 637 .C6 C67 2017 000000024658 07/08/2025 5 07/08/2025 Long Loan Book